Countries of the World - Three Minute Sprint (advanced) - Statistics

General Stats
  • This quiz has been taken 3,811 times
  • The average score is 89 of 196
Answer Stats
country % Correct
United States
89%
United Kingdom
88%
Canada
85%
China
82%
France
82%
Russia
81%
Brazil
78%
Mexico
77%
Spain
77%
Germany
73%
Ireland
73%
Japan
73%
Sweden
73%
Finland
72%
India
72%
Norway
71%
Italy
70%
Chile
69%
Australia
68%
Iceland
68%
Portugal
67%
Argentina
66%
Austria
65%
Peru
65%
Andorra
64%
Denmark
64%
Cuba
63%
Iran
63%
Iraq
62%
Greece
61%
Egypt
60%
Albania
59%
Belgium
59%
Estonia
59%
Poland
59%
Ukraine
59%
Algeria
57%
Latvia
56%
Bolivia
55%
Colombia
55%
United Arab Emirates
55%
South Korea
54%
Belize
53%
Chad
53%
Haiti
53%
Panama
53%
Belarus
52%
Democratic Republic of the Congo
52%
Israel
52%
Oman
52%
Paraguay
52%
Turkey
52%
Uruguay
52%
Ecuador
51%
Lithuania
51%
Yemen
51%
Afghanistan
50%
Fiji
50%
Indonesia
50%
Jamaica
50%
Malta
50%
Netherlands
50%
North Korea
50%
Antigua and Barbuda
49%
Croatia
49%
Laos
49%
Libya
49%
Republic of the Congo
49%
Serbia
49%
South Africa
49%
Bahamas
48%
Bhutan
48%
Bulgaria
48%
Guatemala
48%
Honduras
48%
Hungary
48%
Monaco
48%
New Zealand
48%
Pakistan
48%
Sudan
48%
Vatican City
48%
Venezuela
48%
Bosnia and Herzegovina
47%
Costa Rica
47%
Dominica
47%
Guyana
47%
Mali
47%
Niger
47%
Romania
47%
Slovakia
47%
Slovenia
47%
Angola
46%
Armenia
46%
Suriname
46%
Vietnam
46%
Barbados
45%
Kosovo
45%
Mongolia
45%
Morocco
45%
Nepal
45%
Nigeria
45%
Thailand
45%
Benin
44%
Cambodia
44%
Cyprus
44%
Saint Kitts and Nevis
44%
Togo
44%
Jordan
43%
Nicaragua
43%
Qatar
43%
San Marino
43%
Tonga
43%
Ghana
42%
Nauru
42%
Saint Lucia
42%
Switzerland
42%
El Salvador
41%
Kenya
41%
Syria
41%
Taiwan
41%
Bahrain
40%
Kuwait
40%
Malaysia
40%
Palau
40%
Saint Vincent and the Grenadines
40%
Samoa
40%
Saudi Arabia
40%
Tunisia
40%
Brunei
39%
Burma
39%
Lebanon
39%
Moldova
39%
Grenada
38%
South Sudan
38%
Azerbaijan
37%
Dominican Republic
37%
Guinea
37%
Lesotho
37%
Luxembourg
37%
Macedonia
37%
Singapore
37%
Sri Lanka
37%
Central African Republic
36%
Tuvalu
36%
Bangladesh
35%
Ethiopia
35%
Georgia
35%
Vanuatu
35%
Zambia
35%
Gabon
34%
Montenegro
34%
Trinidad and Tobago
34%
Czech Republic
33%
Gambia
33%
Namibia
33%
Kazakhstan
32%
Malawi
32%
Somalia
32%
Botswana
31%
Eritrea
31%
Kiribati
31%
Liechtenstein
31%
Maldives
31%
Philippines
31%
Burundi
30%
Liberia
30%
Uganda
30%
Zimbabwe
30%
Cameroon
29%
Djibouti
29%
East Timor
29%
Rwanda
29%
Tanzania
28%
Comoros
27%
Guinea-Bissau
27%
Madagascar
27%
Mauritania
27%
Senegal
27%
Federated States of Micronesia
26%
Papua New Guinea
26%
São Tomé and Príncipe
26%
Uzbekistan
25%
Cape Verde
24%
Seychelles
24%
Swaziland
24%
Tajikistan
24%
Turkmenistan
24%
Mauritius
23%
Mozambique
22%
Burkina Faso
21%
Sierra Leone
20%
Solomon Islands
19%
Kyrgyzstan
18%
Côte d'Ivoire
17%
Marshall Islands
17%
Equatorial Guinea
16%
No matching quizzes found
Score Distribution
Percent of People with Each Score
Percentile by Number Answered
Your Score History
You have not taken this quiz